Инновационные средства и технологии развития творческого потенциала студентов (Запись № 1255609)

Подробности
000 -МАРКЕР
контрольное поле 02593nam0a2200409 4500
001 - ИДЕНТИФИКАТОР ЗАПИСИ
контрольное поле RU\NLR\bibl\824506
005 - ИДЕНТИФИКАТОР ВЕРСИИ
контрольное поле 20260407092420.0
010 ## - МЕЖДУНАРОДНЫЙ СТАНДАРТНЫЙ НОМЕР КНИГИ (ISBN)
Номер (ISBN) 5-7964-0611-6
Тираж 250
021 ## - НОМЕР ГОСУДАРСТВЕННОЙ РЕГИСТРАЦИИ
Код страны Российская Федерация
Номер 2005-14523
Номер Листа государственной регистраци 740
035 ## - ДРУГИЕ СИСТЕМНЫЕ НОМЕРА
Идентификатор записи (NLR Aleph) 000813411
100 ## - ДАННЫЕ ОБЩЕЙ ОБРАБОТКИ
Данные общей обработки 20050728d2004 |||y0rusy50 ca
101 0# - ЯЗЫК РЕСУРСА
Язык текста, звукозаписи и т.д. русский
102 ## - СТРАНА ПУБЛИКАЦИИ ИЛИ ПРОИЗВОДСТВА
Страна публикации Российская Федерация
105 ## - ПОЛЕ КОДИРОВАННЫХ ДАННЫХ: ТЕКСТОВЫЕ МАТЕРИАЛЫ, МОНОГРАФИЧЕСКИЕ
Кодированные данные о монографическом текстовом документе a |||||||||
200 1# - ЗАГЛАВИЕ И СВЕДЕНИЯ ОБ ОТВЕТСТВЕННОСТИ
Основное заглавие Инновационные средства и технологии развития творческого потенциала студентов
Сведения, относящиеся к заглавию материалы Всероссийской научно-практической конференции, 25-27 ноября 2004 года
Первые сведения об ответственности [редкол.: Б.Л. Штриков (отв. ред.) и др.]
210 ## - ПУБЛИКАЦИЯ, РАСПРОСТРАНЕНИЕ И ДР.
Место издания, распространения и т.д. Самара
Имя издателя, распространителя и т. д. Самарский государственный технический университет
Дата издания, распространения и т.д. 2004
215 ## - ФИЗИЧЕСКАЯ ХАРАКТЕРИСТИКА
Специфическое обозначение материала и объем 323, [1] с.
Другие сведения о физической характеристике ил.
Размеры 20
300 ## - ОБЩИЕ ПРИМЕЧАНИЯ
Текст примечания В надзаг.: М-во образования и науки Рос. Федерации, Федер. агентство по образованию, Гос. образоват. учреждение высш. проф. образования Самар. гос. техн. ун-т, Самар. фил. Исслед. центра проблем качества подгот. специалистов и др.
300 ## - ОБЩИЕ ПРИМЕЧАНИЯ
Текст примечания Посвящается 90-летию Самар. гос. техн. ун-та
320 ## - ПРИМЕЧАНИЯ О НАЛИЧИИ В ДОКУМЕНТЕ БИБЛИОГРАФИИ / УКАЗАТЕЛЯ
Текст примечания Библиогр. в конце отд. докл.
606 1# - НАИМЕНОВАНИЕ ТЕМЫ КАК ПРЕДМЕТ
Наименование темы Креативная педагогика
Формальный подзаголовок Сборники
Системный номер авторитетной/нормативной записи 2109278
Идентификатор авторитетной/нормативной записи RU\NLR\auth\661274906
606 1# - НАИМЕНОВАНИЕ ТЕМЫ КАК ПРЕДМЕТ
Наименование темы Креативная педагогика
Формальный подзаголовок Съезды, совещания и т.п.
Системный номер авторитетной/нормативной записи 2109278
Идентификатор авторитетной/нормативной записи RU\NLR\auth\661274906
606 1# - НАИМЕНОВАНИЕ ТЕМЫ КАК ПРЕДМЕТ
Наименование темы Творческие способности у студентов
Формальный подзаголовок Съезды, совещания и т.п.
Тематический подзаголовок Развитие
Системный номер авторитетной/нормативной записи 2359803
Идентификатор авторитетной/нормативной записи RU\NLR\auth\661409249
606 1# - НАИМЕНОВАНИЕ ТЕМЫ КАК ПРЕДМЕТ
Наименование темы Инновации в педагогике
Формальный подзаголовок Сборники
Системный номер авторитетной/нормативной записи 2003950
Идентификатор авторитетной/нормативной записи RU\NLR\auth\661206113
606 1# - НАИМЕНОВАНИЕ ТЕМЫ КАК ПРЕДМЕТ
Наименование темы Инновации педагогические
Формальный подзаголовок Съезды, совещания и т.п.
Системный номер авторитетной/нормативной записи 2078601
Идентификатор авторитетной/нормативной записи RU\NLR\auth\661254463
686 ## - ИНДЕКСЫ ДРУГИХ КЛАССИФИКАЦИЙ
Индекс Ч30в2
686 ## - ИНДЕКСЫ ДРУГИХ КЛАССИФИКАЦИЙ
Индекс Ч312я431
686 ## - ИНДЕКСЫ ДРУГИХ КЛАССИФИКАЦИЙ
Индекс Ю945.40-724я431
686 ## - ИНДЕКСЫ ДРУГИХ КЛАССИФИКАЦИЙ
Индекс Ч481.2я431
702 #1 - ИМЯ ЛИЦА - ВТОРИЧНАЯ ОТВЕТСТВЕННОСТЬ
Начальный элемент ввода Штриков
Часть имени, кроме начального элемента ввода Б. Л.
Код отношения Редактор
712 02 - НАИМЕНОВАНИЕ ОРГАНИЗАЦИИ - ВТОРИЧНАЯ ОТВЕТСТВЕННОСТЬ
Код отношения Прочие
Начальный элемент ввода Самарский государственный технический университет
Системный номер авторитетной/нормативной записи 311993
Идентификатор авторитетной/нормативной записи RU\NLR\AUTH\8819310
801 #0 - ИСТОЧНИК ЗАПИСИ
Страна Российская Федерация
Организация NLR
Дата составления 20050728
Правила каталогизации rcr
801 #1 - ИСТОЧНИК ЗАПИСИ
Страна Российская Федерация
Организация NLR
Дата составления 20050728
942 ## - ДОПОЛНИТЕЛЬНЫЕ ЭЛЕМЕНТЫ ЗАПИСИ (АБИС)
Тип экземпляра АБИС Книга
980 ## - КОЛЛЕКЦИЯ
Название коллекции Национальная библиография
Экземпляры
Тип экземпляра Дата поступления Источник поступления Библиотека постоянного хранения Библиотека текущего хранения Место хранения Шифр хранения Штрих-код Статус экземпляра
Книга 28.07.2005 Обязательный экземпляр РНБ (Московский) РНБ (Московский) Русский книжный фонд: издания с 1957 года 2005-3/19840 964352  
Книга 28.07.2005 Обязательный экземпляр РНБ (Московский) РНБ (Московский) Русский книжный фонд: издания с 1957 года 2005-3/19840 964353